banner-ar

تخطيط المدينة العربية العلاقة بين التخطيط القومى الشامل وتخطيط المدن العربية ج2 , ج3 (Record no. 37942)

MARC details
000 -الفاتح
حقل البيانات ثابتة الطول 00396nam a2200121Ia 4500
008 - عناصر البيانات ثابتة الطول - معلومات عامة
حقل البيانات ثابتة الطول 140319s9999 xx 000 0 ara d
040 ## - مصدر الفهرسة
وكالة الفهرسة الأصلية GCL /
وكالة النسخ GCL
082 04 - رقم تصنيف ديوى العشرى
رقم التصنيف 301.363
رقم المادة م ت
245 10 - بيان العنوان
العنوان تخطيط المدينة العربية العلاقة بين التخطيط القومى الشامل وتخطيط المدن العربية ج2 , ج3
300 ## - الوصف المادى
التعداد متعدد
490 ## - بيان السلسلة
عنوان السلسلة
Holdings
حالة التراجع حالة الفقد حالة تلف ليس للاعارة المكان المؤقت الموقع الحالى تاريخ الاكتساب اجمالي اﻻعارات رقم الطلب الباركود تاريخ اخر مشاهدة تاريخ تفعيل السعر نوع وعاء كوها
        مكتبة القاهرة الكبرى مكتبة القاهرة الكبرى 03/26/2014   301.363\م ت 92713 03/26/2014 03/26/2014 كتاب
        مكتبة القاهرة الكبرى مكتبة القاهرة الكبرى 03/26/2014   301.363\م ت 92714 03/26/2014 03/26/2014 كتاب
        مكتبة القاهرة الكبرى مكتبة القاهرة الكبرى 03/26/2014   301.363\م ت 92715 03/26/2014 03/26/2014 كتاب
        مكتبة القاهرة الكبرى مكتبة القاهرة الكبرى 03/26/2014   301.363\م ت 92716 03/26/2014 03/26/2014 كتاب

Powered By

EGPV